00834cam a2200265Ka 4500999001500000001000700015003000400022005001700026008004100043020001500084035002300099035002400122040001300146049000900159082001900168090002100187100002800208245007500236260002700311300002400338504005600362630002200418942001200440952011600452 c1891d1891612302OSt20180921172328.0050922s2005 ii b 000 0 eng d a8172148224 a(OCoLC)ocm61689998 a(OCoLC)ocm61689998  aPTScPTS aPTSS a296.81bR1612A aBM487b.R35 20051 aRaj, J. R. John Samuel.14aThe "anointed ones" in the Qumran literature /cJ. R. John Samuel Raj. aDelhi :bISPCK,c2005. ax, 112 p. ;c22 cm. aIncludes bibliographical references (p. [106]-112).00aDead Sea scrolls. 2ddccBK 00102ddc40708NFICaHMCbHMCcGENd2018-09-21l0o296.81 R1612Ap002845r2018-09-21 00:00:00w2018-09-21yBK